000 00615nam a2200241Ia 4500
005 20260429111902.0
008 260429s9999||||xx |||||||||||||| ||und||
020 _a9789385998249
041 _aEnglish
082 _a635
_bBOH
100 _aBohra, Mamta
245 0 _aIntroduction to horticulture /
_cMamta Bohra
250 _a2nd ed.
260 _aNew Delhi :
_bMedtech,
_c2017.
300 _axii, 281 p.; hb
650 _a Agricultural science
650 _a Floriculture
650 _a Gardening
650 _a Plant cultivation
650 _aHorticulture
700 _a Arora, P.S.
942 _cTB
999 _c51275
_d51275